| 000 | 01567nam a2200373Ia 4500 | ||
|---|---|---|---|
| 001 | ebr10662877 | ||
| 003 | CaPaEBR | ||
| 006 | m u | ||
| 007 | cr cn||||||||| | ||
| 008 | 090806s2010 nyua sb 001 0 eng d | ||
| 010 | _z 2009031737 | ||
| 020 | _z9781612098715 | ||
| 020 | _z9781608761371 | ||
| 020 | _z1608761371 | ||
| 040 |
_aCaPaEBR _cCaPaEBR |
||
| 035 | _a(OCoLC)699507793 | ||
| 050 | 1 | 4 |
_aHC110.A4 _bB86 2010eb |
| 082 | 0 | 4 |
_a363.738/746 _222 |
| 100 | 1 | _aBurney, Nelson E. | |
| 245 | 1 | 0 |
_aCarbon tax and cap-and-trade tools _h[electronic resource] : _bmarket-based approaches for controlling greenhouse gases / _cNelson E. Burney, editor. |
| 260 |
_aNew York : _bNova Science Publishers, _cc2010. |
||
| 300 |
_axii, 114 p. : _bill. (some col.). |
||
| 490 | 1 | _aClimate change and its causes, effects and prediction series | |
| 504 | _aIncludes bibliographical references and index. | ||
| 533 |
_aElectronic reproduction. _bPalo Alto, Calif. : _cebrary, _d2013. _nAvailable via World Wide Web. _nAccess may be limited to ebrary affiliated libraries. |
||
| 650 | 0 |
_aEmissions trading _zUnited States. |
|
| 650 | 0 |
_aCarbon taxes _zUnited States. |
|
| 650 | 0 |
_aAir quality management _zUnited States. |
|
| 650 | 0 |
_aGreenhouse gas mitigation _zUnited States. |
|
| 655 | 7 |
_aElectronic books. _2local |
|
| 710 | 2 | _aebrary, Inc. | |
| 830 | 0 | _aClimate change and its causes, effects, and prediction series. | |
| 856 | 4 | 0 |
_uhttp://site.ebrary.com/lib/rucke/Doc?id=10662877 _zAn electronic book accessible through the World Wide Web; click to view |
| 999 |
_c70009 _d70009 |
||